<?xml version="1.0" encoding="UTF-8"?>
<record
    xmlns:xsi="http://www.w3.org/2001/XMLSchema-instance"
    xsi:schemaLocation="http://www.loc.gov/MARC21/slim http://www.loc.gov/standards/marcxml/schema/MARC21slim.xsd"
    xmlns="http://www.loc.gov/MARC21/slim">

  <leader>00836nam2a2200217   4500</leader>
  <controlfield tag="001">RU\NLR\BIBL_A\010449295</controlfield>
  <controlfield tag="005">20250614053754.0</controlfield>
  <datafield tag="035" ind1=" " ind2=" ">
    <subfield code="a">(NLR Aleph) 010449295</subfield>
  </datafield>
  <datafield tag="090" ind1=" " ind2=" ">
    <subfield code="a">9920644</subfield>
    <subfield code="c">9920644</subfield>
  </datafield>
  <datafield tag="100" ind1=" " ind2=" ">
    <subfield code="a">20140807d1987    |||y0rusy50      ca</subfield>
  </datafield>
  <datafield tag="101" ind1="0" ind2=" ">
    <subfield code="a">sah</subfield>
  </datafield>
  <datafield tag="102" ind1=" " ind2=" ">
    <subfield code="a">RU</subfield>
  </datafield>
  <datafield tag="105" ind1=" " ind2=" ">
    <subfield code="a">y||||||||||||</subfield>
  </datafield>
  <datafield tag="200" ind1="0" ind2=" ">
    <subfield code="a">&#x41A;&#x438;&#x43D;. 3</subfield>
  </datafield>
  <datafield tag="210" ind1=" " ind2=" ">
    <subfield code="d">1987</subfield>
    <subfield code="a">&#x411;. &#x43C;.</subfield>
  </datafield>
  <datafield tag="215" ind1=" " ind2=" ">
    <subfield code="a">639,[1] &#x441;</subfield>
  </datafield>
  <datafield tag="461" ind1=" " ind2="0">
    <subfield code="1">001RU\NLR\BIBL_A\010449285</subfield>
    <subfield code="1">2001#$a&#x423;h&#x443;&#x43A;&#x442;&#x443;&#x443;$e&#x440;&#x43E;&#x43C;&#x430;&#x43D;$f&#x411;&#x43E;&#x43B;&#x43E;&#x442; &#x411;&#x43E;&#x43E;&#x442;&#x443;&#x440;$v&#x41A;&#x438;&#x43D;. 3</subfield>
    <subfield code="1">700#1$a&#x411;&#x43E;&#x43E;&#x442;&#x443;&#x440;$f1915-$g&#x411;&#x43E;&#x43B;&#x43E;&#x442;</subfield>
    <subfield code="9">9920603</subfield>
    <subfield code="a">&#x411;&#x43E;&#x43E;&#x442;&#x443;&#x440;, &#x411;. (1915-)</subfield>
    <subfield code="c">&#x42F;&#x43A;&#x443;&#x442;&#x441;&#x43A;&#x430;&#x439;</subfield>
    <subfield code="d">1975-1987</subfield>
    <subfield code="f">&#x411;&#x43E;&#x43B;&#x43E;&#x442; &#x411;&#x43E;&#x43E;&#x442;&#x443;&#x440;</subfield>
    <subfield code="n">&#x421;&#x430;&#x445;&#x430; &#x441;&#x438;&#x440;&#x438;&#x43D;&#x44D;&#x44D;&#x495;&#x438; &#x43A;&#x438;&#x43D;&#x438;&#x433;&#x44D; &#x438;&#x437;&#x434;-&#x432;&#x43E;&#x442;&#x430;</subfield>
    <subfield code="o">&#x440;&#x43E;&#x43C;&#x430;&#x43D;</subfield>
    <subfield code="t">&#x423;h&#x443;&#x43A;&#x442;&#x443;&#x443;</subfield>
    <subfield code="v">&#x41A;&#x438;&#x43D;. 3</subfield>
  </datafield>
  <datafield tag="852" ind1=" " ind2=" ">
    <subfield code="a">NLR</subfield>
    <subfield code="b">&#x41E;&#x41D;&#x41B;</subfield>
    <subfield code="j">&#x42F;&#x43A;&#x443;&#x442;./3-1803</subfield>
  </datafield>
  <datafield tag="942" ind1=" " ind2=" ">
    <subfield code="c">BOOK</subfield>
  </datafield>
  <datafield tag="980" ind1=" " ind2=" ">
    <subfield code="a">NB</subfield>
  </datafield>
  <datafield tag="995" ind1=" " ind2=" ">
    <subfield code="5">2014-08-07</subfield>
    <subfield code="b">NLR01</subfield>
    <subfield code="c">NLR01</subfield>
    <subfield code="e">ONL</subfield>
    <subfield code="f">1-383627</subfield>
    <subfield code="k">&#x41E;&#x41D;&#x41B; &#x42F;&#x43A;&#x443;&#x442;./3-1803</subfield>
    <subfield code="o">0</subfield>
    <subfield code="r">BOOK</subfield>
    <subfield code="s">_31803</subfield>
  </datafield>
</record>
